000 00483nam a2200181Ia 4500
005 20250326124108.0
008 250326s9999 xx 000 0 und d
037 _aTextbook
040 _aFMSL
_beng
_cFMSL
041 _aeng
_2eng
084 _aX:5 L7
_qFMSL
100 _aSherlekar S A
245 0 _aTrade practices and consumerism
_cSherlekar S A
260 _aBombay
_bBombay, Himalaya
_c1977
300 _a454p
942 _cTB
_hX:5 L7
999 _c1272260
_d1272260